OPAC Home

අභිමානවත් අනාගතයක් කරා සිව් වසරක සමාජ හා ආර්ථික ප්‍ර‍ගතිය - බදුල්ල දිස්ත්‍රික්කය (Record no. 118761)

MARC details
000 -LEADER
fixed length control field 00707nam a2200169Ia 4500
003 - CONTROL NUMBER IDENTIFIER
control field LK-CoDNM
008 - FIXED-LENGTH DATA ELEMENTS--GENERAL INFORMATION
fixed length control field 010623t1998 xxu||||| |||| 00| 1 sin d
040 ## - CATALOGING SOURCE
Original cataloging agency LK-CoDNM
Modifying agency LK-CoDNM
Description conventions LK-CoDNM
041 ## - LANGUAGE CODE
Language code of text/sound track or separate title Sinhala; Sinhalese
080 ## - UNIVERSAL DECIMAL CLASSIFICATION NUMBER
Universal Decimal Classification number (x) Badulla
942 ## - ADDED ENTRY ELEMENTS (KOHA)
Koha item type Books
245 ## - TITLE STATEMENT
Title අභිමානවත් අනාගතයක් කරා සිව් වසරක සමාජ හා ආර්ථික ප්‍ර‍ගතිය - බදුල්ල දිස්ත්‍රික්කය
246 ## - VARYING FORM OF TITLE
Title proper/short title Abhimanawath anagathayak kara siu wasaraka samaja haa arthika pragathiya : Badulla District
260 ## - PUBLICATION, DISTRIBUTION, ETC. (IMPRINT)
Name of publisher, distributor, etc. Mudal haa krama sampadana Amathyanshaya
Place of publication, distribution, etc. Colombo
Date of publication, distribution, etc. 1998
300 ## - PHYSICAL DESCRIPTION
Other physical details 76, 19.5 cm
650 ## - SUBJECT ADDED ENTRY--TOPICAL TERM
Topical term or geographic name as entry element Badulla
Holdings
Withdrawn status Lost status Damaged status Not for loan Collection code Permanent Location Current Location Date acquired Full call number Barcode Koha item type
        Monographs Library National Museum Colombo - Sri Lanka Library National Museum Colombo - Sri Lanka 2023-08-02 (x) Badulla P23799 Books
Copyright © 2023 Department of National Museum, Colombo 07, Sri Lanka Funded by UNESCO IFAP UNESCO